000 00256nam a2200109 a 4500
005 20140513081050.0
008 020606s19uu xx 00 eng d
050 _aP 745.6
_bALP 1992
245 _aAlphabet 2.
650 _aAlphabets--Poster
999 _c116304
_d116304